| 000 | 00810nam a2200217 a 4500 | ||
|---|---|---|---|
| 008 | 191125s2013 ||||||||||||||||| || u | ||
| 020 | _a9789350903209 | ||
| 050 | _aRE 991 Gar | ||
| 100 | _aGarg, Ashok | ||
| 245 | 1 | 0 |
_aOcular therapeutics (Third edition) _cEditor in chief Ashok Garg |
| 250 | _a3rd edition | ||
| 260 |
_aNew Delhi _bJaypee Brothers Medical Publishers (P) Ltd _c2013 |
||
| 300 | _axxxvi, 1059 pages : illustrations | ||
| 350 | _a56.44 | ||
| 650 | _aEYE--SURGERY | ||
| 650 | _aTHEAPEUTICS, OPTHALAMOLOGICAL | ||
| 650 | _aOCULAR PHARMACOLOGY | ||
| 650 | _aOPHTHALAMATIC DRUGS | ||
| 650 | _aEYE--DISEASES | ||
| 995 |
_aMEDICAL LIBRARY OPEN ACCESS _e904425 _FCBU-SCHOOL OF MEDICINE LIBRARY (Ndola) _I56.44 _jRE 991 Gar _M1 _UAVAILABLE _WNov 25, 2019 _y904425 _ZMain Library Open Access Collection |
||
| 999 |
_c32247 _d32247 |
||